[Event "Quebec-ch op"]
[Site "Montreal"]
[Date "2011.07.29"]
[Round "8"]
[White "Zhao, Parker Bi Guang"]
[Black "Jiang, Louie"]
[Result "1-0"]
[WhiteElo "2382"]
[BlackElo "2348"]
[PlyCount "109"]
[EventDate "2011.07.23"]
[EventType "swiss"]
[EventRounds "9"]
[EventCountry "CAN"]
[SourceTitle "CBM 143 Extra"]
[Source "ChessBase"]
[SourceDate "2011.08.29"]
[SourceVersion "1"]
[SourceVersionDate "2011.08.29"]
[SourceQuality "1"]

1. e4 c5 2. g3 Nc6 3. Bg2 g6 4. Ne2 Bg7 5. c3 e5 6. d3 d6 7. 0-0 Nge7 8. a3 0-0 9. b4 Qc7 10. Be3 b6 11. b5 Nd8 12. a4 Bd7 13. Nd2 a6 14. Qb3 Be6 15. c4 a5 16. Nc3 Ra7 17. Rae1 f6 18. Nd5 Qb8 19. f4 Bxd5 20. cxd5 Nf7 21. Bh3 Bh6 22. Nc4 Kg7 23. Qc3 Ng8 24. Rf2 Kh8 25. Ref1 Bg7 26. Qc2 Qd8 27. Be6 Qb8 28. f5 Bh6 29. Bxf7 Raxf7 30. Qd2 Bxe3 31. Nxe3 g5 32. Qe2 Rg7 33. Rg2 Ne7 34. Kf2 Rff7 35. Rh1 h6 36. h4 Rh7 37. Rgh2 Qg8 38. Qh5 gxh4 39. Rxh4 Qf8 40. Nc4 Qd8 41. Ne3 Ng8 42. Ng4 Qe7 43. Nxh6 Nxh6 44. Qxh6 Rxh6 45. Rxh6+ Rh7 46. Rxh7+ Qxh7 47. Rxh7+ Kxh7 48. Kf3 Kh6 49. Kg4 Kh7 50. Kh5 Kg7 51. g4 Kh7 52. g5 fxg5 53. Kxg5 Kg7 54. f6+ Kf8 55. f7 1-0

[Event "Quebec-ch op"]
[Site "Montreal"]
[Date "2011.07.27"]
[Round "6"]
[White "Jiang, Louie"]
[Black "Caire, Francois"]
[Result "1-0"]
[WhiteElo "2348"]
[BlackElo "2150"]
[PlyCount "73"]
[EventDate "2011.07.23"]
[EventType "swiss"]
[EventRounds "9"]
[EventCountry "CAN"]
[SourceTitle "CBM 143 Extra"]
[Source "ChessBase"]
[SourceDate "2011.08.29"]
[SourceVersion "1"]
[SourceVersionDate "2011.08.29"]
[SourceQuality "1"]

1. e4 c5 2. Nc3 Nc6 3. f4 g6 4. Nf3 Bg7 5. Bb5 Nd4 6. 0-0 Nxb5 7. Nxb5 d5 8. exd5 a6 9. Nc3 Nf6 10. d4 c4 11. Qe2 b5 12. Re1 Bb7 13. f5 Bxd5 14. Nxd5 Nxd5 15. Qe4 Qd7 16. fxg6 hxg6 17. c3 e6 18. Bf4 0-0 19. Be5 Bxe5 20. dxe5 Qe7 21. Rf1 Qc5+ 22. Rf2 b4 23. Ng5 Kg7 24. Raf1 Qe3 25. Qxe3 Nxe3 26. Rxf7+ Rxf7 27. Rxf7+ Kh6 28. h4 Kh5 29. Nxe6 bxc3 30. bxc3 Rb8 31. Kf2 Nf5 32. Ng7+ Nxg7 33. Rxg7 Re8 34. Kg3 Kh6 35. Rc7 Rxe5 36. Rxc4 Ra5 37. a4 1-0

[Event "Montreal Oasis op"]
[Site "Montreal"]
[Date "2011.02.27"]
[Round "4"]
[White "Sambuev, Bator"]
[Black "Jiang, Louie"]
[Result "1-0"]
[WhiteElo "2551"]
[BlackElo "2340"]
[PlyCount "65"]
[EventDate "2011.02.25"]
[EventType "swiss"]
[EventRounds "5"]
[EventCountry "CAN"]
[SourceTitle "EXT 2013"]
[Source "ChessBase"]
[SourceDate "2012.11.22"]
[SourceVersion "1"]
[SourceVersionDate "2012.11.22"]
[SourceQuality "1"]

1. d4 Nf6 2. Nf3 e6 3. e3 d5 4. Bd3 Nbd7 5. Nbd2 c5 6. b3 Bd6 7. Bb2 b6 8. 0-0 Bb7 9. Ne5 0-0 10. f4 Ne4 11. Bxe4 dxe4 12. Ndc4 Nxe5 13. dxe5 Bc7 14. Nd6 Bxd6 15. exd6 Qd7 16. Qd2 f6 17. Rad1 Rac8 18. g4 Ba6 19. Rf2 Rc6 20. g5 Kf7 21. Rg2 Ke8 22. gxf6 gxf6 23. a4 Qf7 24. d7+ Kd8 25. c4 Bb7 26. Qc3 e5 27. fxe5 Rg8 28. Qd2 f5 29. Kh1 Rcg6 30. e6 Qxe6 31. Rxg6 Qxg6 32. Qf2 Qg5 33. Qg3 1-0

[Event "Montreal Oasis op"]
[Site "Montreal"]
[Date "2011.02.26"]
[Round "3"]
[White "Jiang, Louie"]
[Black "Voloaca, Mihnea"]
[Result "1-0"]
[WhiteElo "2340"]
[BlackElo "2325"]
[PlyCount "89"]
[EventDate "2011.02.25"]
[EventType "swiss"]
[EventRounds "5"]
[EventCountry "CAN"]
[SourceTitle "EXT 2013"]
[Source "ChessBase"]
[SourceDate "2012.11.22"]
[SourceVersion "1"]
[SourceVersionDate "2012.11.22"]
[SourceQuality "1"]

1. e4 c5 2. Nf3 d6 3. d4 Nf6 4. Nc3 cxd4 5. Nxd4 a6 6. Qf3 e6 7. b3 Nc6 8. Nxc6 bxc6 9. Bb2 e5 10. Be2 Be7 11. 0-0 0-0 12. Qg3 Nd7 13. Rad1 Nc5 14. Bg4 Ne6 15. Bxe6 Bxe6 16. Ne2 Qa5 17. Kh1 f6 18. c4 Rab8 19. Qc3 Qxc3 20. Bxc3 Rb7 21. Rd2 Rd7 22. Rfd1 Rb8 23. Kg1 g6 24. Kf1 Kf7 25. f4 exf4 26. Nxf4 Bg4 27. Re1 Ra7 28. h3 Bc8 29. Ba5 h5 30. Kf2 h4 31. Red1 f5 32. exf5 Bxf5 33. Ne2 Rd7 34. Nd4 Bg5 35. Re2 Rc8 36. Bc3 Bf4 37. Kf3 Bg3 38. Be1 Bxe1 39. Nxf5 Bb4 40. Nxh4 a5 41. Kg4 a4 42. Nf3 Kf6 43. Rf1 Kg7 44. Re6 d5 45. cxd5 1-0

[Event "Quebec-ch U20"]
[Site "Montreal"]
[Date "2011.02.12"]
[Round "3"]
[White "Jiang, Louie"]
[Black "Kraiouchkine, Nikita"]
[Result "1-0"]
[WhiteElo "2331"]
[BlackElo "2252"]
[PlyCount "123"]
[EventDate "2011.02.11"]
[EventType "swiss"]
[EventRounds "5"]
[EventCountry "CAN"]
[SourceTitle "EXT 2013"]
[Source "ChessBase"]
[SourceDate "2012.11.22"]
[SourceVersion "1"]
[SourceVersionDate "2012.11.22"]
[SourceQuality "1"]

1. e4 e5 2. Nf3 Nc6 3. Bc4 Nf6 4. d3 Be7 5. 0-0 d6 6. h3 0-0 7. a3 Na5 8. Ba2 c5 9. Nc3 Nc6 10. Bg5 h6 11. Bxf6 Bxf6 12. Nd5 g5 13. g4 Be6 14. Ne1 Bxd5 15. Bxd5 Ne7 16. Ng2 Rb8 17. Ne3 Ng6 18. c3 Nf4 19. Kh2 Qd7 20. Qf3 Kg7 21. Rh1 Kg6 22. Rad1 Rh8 23. Nf5 h5 24. Kg3 Rbg8 25. Qe3 Rh7 26. Kf3 Rgh8 27. Ng3 Qc8 28. Qc1 Kg7 29. Bc4 Qd7 30. Bd5 Kf8 31. Nf5 Ke8 32. Ke3 Kd8 33. Rdg1 Kc7 34. c4 Qa4 35. Ng3 b5 36. Qd1 Qa6 37. Qc2 Qb6 38. b3 a6 39. Ra1 Qb8 40. a4 hxg4 41. axb5 Rxh3 42. bxa6 Qa7 43. Rhg1 Rh2 44. Qd2 Bd8 45. Qa5+ Kb8 46. Qb5+ Bb6 47. Bb7 Bc7 48. Rh1 Rxh1 49. Rxh1 Rd8 50. Rh7 Qb6 51. Rxf7 Qxb5 52. cxb5 Bb6 53. Kd2 Ne6 54. Nf5 Rf8 55. Re7 Nc7 56. Bc6 d5 57. Ke2 Rf6 58. Rxe5 dxe4 59. dxe4 Nxa6 60. Re8+ Kc7 61. Ne7 Nb4 62. e5 1-0

[Event "Quebec-ch U20"]
[Site "Montreal"]
[Date "2011.02.12"]
[Round "2"]
[White "Lepine, Cedric"]
[Black "Jiang, Louie"]
[Result "0-1"]
[WhiteElo "1983"]
[BlackElo "2331"]
[PlyCount "71"]
[EventDate "2011.02.11"]
[EventType "swiss"]
[EventRounds "5"]
[EventCountry "CAN"]
[SourceTitle "EXT 2013"]
[Source "ChessBase"]
[SourceDate "2012.11.22"]
[SourceVersion "1"]
[SourceVersionDate "2012.11.22"]
[SourceQuality "1"]

1. d4 Nf6 2. c4 e6 3. Nc3 d5 4. Nf3 c6 5. g3 Bd6 6. Bg2 Nbd7 7. 0-0 0-0 8. e4 Nxe4 9. Nxe4 dxe4 10. Ng5 Nf6 11. Nxe4 Nxe4 12. Bxe4 Qe7 13. f4 Bd7 14. c5 Bc7 15. Bd2 Rfd8 16. Qc2 g6 17. b4 Be8 18. Bc3 Rd7 19. Rad1 Qf8 20. Ba1 Bd8 21. a4 Bf6 22. d5 Bxa1 23. Rxa1 exd5 24. Bd3 f6 25. h4 Rdd8 26. f5 Kg7 27. Kh2 g5 28. Rae1 Bf7 29. Re2 Kh8 30. Rg1 gxh4 31. g4 Re8 32. Qc3 Rxe2+ 33. Bxe2 Qe7 34. Bd1 Kg8 35. Re1 Qc7+ 36. Kh1 0-1

[Event "Quebec-ch op"]
[Site "Montreal"]
[Date "2010.07.31"]
[Round "9"]
[White "Kovalyov, Anton"]
[Black "Jiang, Louie"]
[Result "1/2-1/2"]
[WhiteElo "2599"]
[BlackElo "2312"]
[PlyCount "57"]
[EventDate "2010.07.24"]
[EventType "swiss"]
[EventRounds "9"]
[EventCountry "CAN"]
[SourceTitle "CBM 137 Extra"]
[Source "ChessBase"]
[SourceDate "2010.09.01"]
[SourceVersion "1"]
[SourceVersionDate "2010.09.01"]
[SourceQuality "1"]

1. d4 Nf6 2. c4 e6 3. Nc3 d5 4. cxd5 exd5 5. Bg5 c6 6. e3 Be7 7. Qc2 Nbd7 8. Bd3 0-0 9. Nf3 Re8 10. h3 Nf8 11. Bf4 Ne6 12. Be5 g6 13. 0-0-0 Bd7 14. Kb1 Rc8 15. g4 b5 16. Rc1 Qa5 17. Nd2 a6 18. f4 c5 19. Bxf6 Bxf6 20. Nxd5 Bg7 21. Nb3 Qd8 22. dxc5 Bc6 23. Nb6 Nxc5 24. Nxc8 Nxb3 25. Qxc6 Nxc1 26. Bc2 Nxa2 27. Nd6 Re6 28. Nb7 Qf8 29. Qc5 1/2-1/2